LEADER 01139nam a2200265 4500 001 000000331336 003 CaOOAMICUS 005 20240118111909.0 008 181122s2016 it 000 u ita r 020 $a978-88-581-2557-1 040 $aSeMil$bita 100 1 $aGasparri, Stefano,$d<1949- >.$0(OLS)http://semarc/name/57489 245 10$aItalia longobarda :$bil regno, i franchi, il papato /$cStefano Gasparri. 264 1$aRoma ; Bari :$bLaterza,$c2016. 300 $a191 p. ;$c21 cm 490 1 $aEconomica Laterza ;$v782 650 4$aRegno Longobardo <568-774>.$0(OLS)http://semarc/subject/27403 650 4$aLongobardi - Italia.$0(OLS)http://semarc/subject/54200 830 0$aEconomica ;$v782.$0(OLS)http://semarc/title/21086 850 $aSeMil 852 $aSeMil$W1$xVenegono$y1$m3T II 24$j211351$B224887$CSeMilBibl$Z2$F224887 $81 996 $6020$a978-88-581-2557-1$9(OLS)http://semarc/number/285662 996 $6245$aItalia longobarda :$bil regno, i franchi, il papato$9(OLS)http://semarc/title/420052 996 $6264$aRoma ; Bari :$bLaterza$9(OLS)http://semarc/publisher/30305 LEADER 01383nam a2200289 4500 001 000000350529 003 CaOOAMICUS 005 20220830110507.0 008 220617s2016 it aj 000 u ita r 020 $a978-88-6671-247-3 040 $aSeMil$bita 100 1 $aTaroni, Massimiliano,$c.$0(OLS)http://semarc/name/82064 245 10$aConcepción Cabrera de Armida (Conchita) :$bmistica e madre delle Opere della Croce /$cMassimiliano Taroni. 264 1$aGorle :$bVelar,$c2016. 300 $a46 p. :$bill. ;$c20 cm 490 1 $aCollana blu "Messaggeri d'amore" protagonisti della fede ;$v476 541 0 $aOmaggio mons. Mario Delpini (3H II 601) 600 14$aCabrera de Armida, Concepción .$0(OLS)http://semarc/subject/22251 830 0$aCollana blu : messaggeri d'amore, protagonisti della fede ;$v476.$0(OLS)http://semarc/title/38058 850 $aSeMil 852 $aSeMil$W1$xVenegono$y1$m3H II 601$j234134$B241548$CSeMilBibl$Z2$F241548 $81 941 1 $a7 961 $aOmaggio mons. Mario Delpini 996 $6020$a978-88-6671-247-3$9(OLS)http://semarc/number/296047 996 $6245$aConcepción Cabrera de Armida (Conchita) :$bmistica e madre delle Opere della Croce$9(OLS)http://semarc/title/440317 996 $6264$aGorle :$bVelar$9(OLS)http://semarc/publisher/33489